The free pigs / (Запис № 498801)
[ простий вигляд ]
| 000 -LEADER | |
|---|---|
| fixed length control field | 01597cam a2200397 a 4500 |
| 001 - CONTROL NUMBER | |
| control field | freepigs00sanf |
| 003 - CONTROL NUMBER IDENTIFIER | |
| control field | CaSfIA |
| 005 - DATE AND TIME OF LATEST TRANSACTION | |
| control field | 20210118084528.0 |
| 007 - PHYSICAL DESCRIPTION FIXED FIELD--GENERAL INFORMATION | |
| fixed length control field | cr|||| |
| 008 - FIXED-LENGTH DATA ELEMENTS--GENERAL INFORMATION | |
| fixed length control field | 861010s1987 wiuag j 000 1 eng |
| 010 ## - LIBRARY OF CONGRESS CONTROL NUMBER | |
| LC control number | 86063205 |
| 040 ## - CATALOGING SOURCE | |
| Original cataloging agency | DLC |
| Transcribing agency | DLC |
| Modifying agency | OCL |
| -- | BAKER |
| -- | BTCTA |
| -- | CaSfIA |
| 020 ## - INTERNATIONAL STANDARD BOOK NUMBER | |
| International Standard Book Number | 0940273004 |
| 020 ## - INTERNATIONAL STANDARD BOOK NUMBER | |
| International Standard Book Number | 9780940273009 |
| 035 ## - SYSTEM CONTROL NUMBER | |
| System control number | (OCoLC)19698085 |
| 042 ## - AUTHENTICATION CODE | |
| Authentication code | lcac |
| 050 00 - LIBRARY OF CONGRESS CALL NUMBER | |
| Classification number | PZ7.S22498 |
| Item number | Fr 1987 |
| 050 00 - LIBRARY OF CONGRESS CALL NUMBER | |
| Classification number | RYI 0218 |
| 082 00 - DEWEY DECIMAL CLASSIFICATION NUMBER | |
| Classification number | [E] |
| Edition number | 20 |
| 029 1# - (OCLC) | |
| OCLC library identifier | NZ1 |
| System control number | 4931623 |
| 029 1# - (OCLC) | |
| OCLC library identifier | AU@ |
| System control number | 000020780367 |
| 100 1# - MAIN ENTRY--PERSONAL NAME | |
| Personal name | Sanford, Monard G. |
| 245 14 - TITLE STATEMENT | |
| Title | The free pigs / |
| Medium | [electronic resource] |
| Statement of responsibility, etc | story and music by Monard G. Sanford ; illustrated by Janice Skivington. |
| 250 ## - EDITION STATEMENT | |
| Edition statement | 1st ed. |
| 260 ## - PUBLICATION, DISTRIBUTION, ETC. (IMPRINT) | |
| Place of publication, distribution, etc | Arena, Wis. : |
| Name of publisher, distributor, etc | Mill Creek Enterprises, |
| Date of publication, distribution, etc | c1987. |
| 300 ## - PHYSICAL DESCRIPTION | |
| Extent | [59] p. : |
| Other physical details | ill. (chiefly col.), music ; |
| Dimensions | 22 x 28 cm. + |
| Accompanying material | 1 sound cassette (49 min. : analog) |
| 506 ## - RESTRICTIONS ON ACCESS NOTE | |
| Standardized terminology for access restriction | Необхідна авторизація на https://archive.org/ (створення облікового запису безкоштовно) |
| 506 ## - RESTRICTIONS ON ACCESS NOTE | |
| Standardized terminology for access restriction | Необхідна авторизація на https://openlibrary.org/ (створення облікового запису безкоштовно) |
| 650 #1 - SUBJECT ADDED ENTRY--TOPICAL TERM | |
| Topical term or geographic name as entry element | Pigs |
| Form subdivision | Fiction. |
| 650 #1 - SUBJECT ADDED ENTRY--TOPICAL TERM | |
| Topical term or geographic name as entry element | Pigs |
| Form subdivision | Songs and music. |
| 650 #1 - SUBJECT ADDED ENTRY--TOPICAL TERM | |
| Topical term or geographic name as entry element | Songs. |
| 700 1# - ADDED ENTRY--PERSONAL NAME | |
| Personal name | Skivington, Janice, |
| Relator term | ill. |
| 856 41 - ELECTRONIC LOCATION AND ACCESS | |
| Uniform Resource Identifier | <a href="http://www.archive.org/details/freepigs00sanf">http://www.archive.org/details/freepigs00sanf</a> |
| Public note | Free eBook from the Internet Archive |
| 856 42 - ELECTRONIC LOCATION AND ACCESS | |
| Uniform Resource Identifier | <a href="http://www.openlibrary.org/books/OL2744801M">http://www.openlibrary.org/books/OL2744801M</a> |
| Public note | Additional information and access via Open Library |
| 942 ## - ADDED ENTRY ELEMENTS (KOHA) | |
| Koha item type | ЕКнига |
Немає доступних примірників.